[Event "Zhukovsky-chA"]
[Site "Zhukovsky"]
[Date "2010.04.01"]
[Round "3"]
[White "Epishkin, Vladimir"]
[Black "Vasiliev, Aleksey V"]
[Result "0-1"]
[WhiteElo "1883"]
[BlackElo "2012"]
[PlyCount "46"]
[EventDate "2010.04.01"]
[EventType "swiss"]
[EventRounds "9"]
[EventCountry "RUS"]
[SourceTitle "EXT 2022"]
[Source "ChessBase"]
[SourceDate "2021.10.06"]
[SourceVersion "1"]
[SourceVersionDate "2021.10.06"]
[SourceQuality "1"]

1. e4 e5 2. Nf3 Nc6 3. Bb5 Nd4 4. Bc4 d6 5. c3 Nxf3+ 6. Qxf3 Nf6 7. d3 Bg4 8. Qg3 Qd7 9. h3 Be6 10. Nd2 Nh5 11. Bxe6 Qxe6 12. Qe3 Nf4 13. Nc4 g5 14. b3 Bg7 15. Bb2 0-0-0 16. Rd1 h5 17. Qg3 d5 18. Ne3 dxe4 19. dxe4 Nd3+ 20. Rxd3 Rxd3 21. Ke2 Rhd8 22. Rd1 Rxd1 23. Nxd1 Qd6 0-1

[Event "Zhukovsky-chA"]
[Site "Zhukovsky"]
[Date "2010.04.01"]
[Round "2"]
[White "Vasiliev, Aleksey V"]
[Black "Shipilova, Olga"]
[Result "1/2-1/2"]
[WhiteElo "2012"]
[BlackElo "1910"]
[PlyCount "91"]
[EventDate "2010.04.01"]
[EventType "swiss"]
[EventRounds "9"]
[EventCountry "RUS"]
[SourceTitle "EXT 2022"]
[Source "ChessBase"]
[SourceDate "2021.10.06"]
[SourceVersion "1"]
[SourceVersionDate "2021.10.06"]
[SourceQuality "1"]

1. e4 c5 2. d4 cxd4 3. c3 dxc3 4. Nxc3 e6 5. f4 Nc6 6. Be3 d6 7. Nf3 Nf6 8. Qd2 a6 9. 0-0-0 Qc7 10. Kb1 b5 11. a3 b4 12. axb4 Nxb4 13. Qd4 d5 14. exd5 Nbxd5 15. Nxd5 Nxd5 16. Rc1 Qa5 17. Bd2 Nb4 18. Bxb4 Qxb4 19. Rc4 Qd6 20. Qc3 Bb7 21. Be2 Rd8 22. Rd1 Qb6 23. Rc7 Be4+ 24. Ka1 Bd6 25. Rc4 Bxf3 26. Bxf3 0-0 27. Rc6 Qb8 28. g3 Bb4 29. Rxd8 Rxd8 30. Qc4 a5 31. f5 exf5 32. Rc7 Rf8 33. Bd5 Qe8 34. Ka2 Be7 35. Bc6 Qd8 36. Rd7 Qe8 37. Ra7 Qd8 38. Rd7 Qe8 39. Rd5 Qb8 40. Rxf5 Bf6 41. Rb5 Qc7 42. Rb7 Qe5 43. Bd5 Rb8 44. Bxf7+ Kf8 45. Rxb8+ Qxb8 46. Qb3 1/2-1/2

[Event "Ramenskoe"]
[Site "Ramenskoe"]
[Date "2010.04.??"]
[Round "2"]
[White "Rybakov, Sergey1111"]
[Black "Vasiliev, Aleksey V"]
[Result "1-0"]
[WhiteElo "2207"]
[BlackElo "2012"]
[PlyCount "87"]
[EventDate "2010.04.??"]
[EventType "swiss"]
[EventRounds "9"]
[EventCountry "RUS"]
[SourceTitle "EXT 2012"]
[Source "ChessBase"]
[SourceDate "2011.11.24"]
[SourceVersion "1"]
[SourceVersionDate "2011.11.24"]
[SourceQuality "1"]

1. e4 d5 2. exd5 Nf6 3. Bb5+ c6 4. dxc6 bxc6 5. Be2 e5 6. d3 Bc5 7. Bf3 e4 8. dxe4 Qb6 9. Qd2 0-0 10. c4 Rd8 11. Qc2 Ng4 12. Bxg4 Bxg4 13. Nf3 Nd7 14. Bf4 Nf8 15. 0-0 Ne6 16. Be5 f6 17. Bc3 Nf4 18. Nbd2 Nd3 19. Nb3 Bxf3 20. gxf3 Rd6 21. Ba5 Bxf2+ 22. Rxf2 Qe3 23. Qd2 Qxf2+ 24. Qxf2 Nxf2 25. Kxf2 Re8 26. Bc3 Red8 27. Ke2 Kf7 28. Nc5 Re8 29. b4 g5 30. a4 h5 31. h3 Rg8 32. Rd1 Rxd1 33. Kxd1 g4 34. fxg4 hxg4 35. hxg4 Rxg4 36. Kc2 f5 37. exf5 Rxc4 38. Kb3 Rh4 39. Ne6 Ke7 40. Ng5 Rh5 41. f6+ Kf8 42. Ne6+ Kg8 43. Nd8 c5 44. bxc5 1-0

[Event "Zhukovsky op-A"]
[Site "Zhukovsky"]
[Date "2010.01.??"]
[Round "6"]
[White "Vasiliev, Aleksey V"]
[Black "Kukushkin, Sergey"]
[Result "1/2-1/2"]
[WhiteElo "2033"]
[BlackElo "1993"]
[PlyCount "120"]
[EventDate "2010.01.??"]
[EventType "swiss"]
[EventRounds "7"]
[EventCountry "RUS"]
[SourceTitle "EXT 2012"]
[Source "ChessBase"]
[SourceDate "2011.11.24"]
[SourceVersion "1"]
[SourceVersionDate "2011.11.24"]
[SourceQuality "1"]

1. e4 e5 2. Nc3 Nc6 3. Bc4 Nf6 4. d3 Bb4 5. Bg5 h6 6. Bh4 Bxc3+ 7. bxc3 d6 8. Qf3 Qe7 9. Bxf6 Qxf6 10. Qxf6 gxf6 11. Rb1 Ke7 12. Ne2 Na5 13. Bb3 f5 14. f3 Bd7 15. exf5 Bxf5 16. Bd5 c6 17. Be4 Be6 18. f4 f5 19. Bf3 Rab8 20. Kf2 b6 21. Rhe1 Bxa2 22. Ra1 Bd5 23. fxe5 dxe5 24. Nf4 Kd6 25. Ng6 Rhe8 26. Bh5 Bf7 27. Nf4 Rb7 28. Bxf7 Rxf7 29. c4 Ree7 30. Ne2 Rf6 31. Ng3 Rf8 32. Ne2 Rf6 33. Kg1 e4 34. Nf4 Ref7 35. g3 exd3 36. Rad1 Nxc4 37. Rxd3+ Kc7 38. Ne6+ Kc8 39. Rd8+ Kb7 40. Rd4 b5 41. Nd8+ Kb6 42. Nxf7 Rxf7 43. Re6 a5 44. Rxh6 a4 45. Rd8 a3 46. Ra8 Na5 47. Rhh8 Rb7 48. Rhd8 b4 49. h4 Kb5 50. Kf2 c5 51. Rd1 Ka4 52. h5 c4 53. h6 a2 54. h7 Rxh7 55. Rd5 Rh2+ 56. Ke3 Rxc2 57. Rdxa5+ Kb3 58. Rb5 Rc1 59. Rxa2 Kxa2 60. Rxb4 c3 1/2-1/2